Curso de mecánica aplicada e hidrodinámica.
Shranjeno v:
| Glavni avtor: | |
|---|---|
| Drugi avtorji: | |
| Format: | Neznan |
| Izdano: |
[San José, Costa Rica]
1959
|
| Teme: | |
| Oznake: |
Označite
Brez oznak, prvi označite!
|
MARC
| LEADER | 00000 a2200000 4500 | ||
|---|---|---|---|
| 003 | 011072 | ||
| 005 | 20221231143804.0 | ||
| 008 | 140114s1959 c a m 000 ||s d | ||
| 040 | |c cru CEDI | ||
| 090 | |a TFG 112 | ||
| 100 | |a Calvo H, Manuel Antonio. |9 17262 | ||
| 245 | |a Curso de mecánica aplicada e hidrodinámica. | ||
| 260 | |c 1959 |a [San José, Costa Rica] | ||
| 300 | |a 178 hojas ; diagramas, gráficos | ||
| 500 | |a Tesis (Ingeniero Civil) Universidad de Costa Rica | ||
| 501 | |a El CEDI solo Contiene: Pt. 1. Mecanica aplicada. | ||
| 650 | |v MECANICA APLICADA |9 17264 | ||
| 700 | |9 17263 |a Rojas R, Alvaro | ||
| 942 | |c TFG | ||
| 999 | |c 12005 |d 12005 | ||
